Skip to main content
Your cart is empty.
Your lists
Log in to create your own lists
Your cookies
العربية
English
العربية
Home
Search
Advanced search
Authority search
About
The noble scholar, jurist, historian
His Excellency Dr. Abdul Wahhab bin Ibrahim Abu Sulaiman, may Allah have mercy on him.
He was born in Umm Al-Qura in the year 1356 AH.
Library catalog
Title
Author
Subject
ISBN
ISSN
Series
Call number
Log in to your account
×
Login:
Password:
Home
MARC view: أسس تقنية المعلومات /
Normal view
MARC view
ISBD view
أسس تقنية المعلومات / (Record no. 13961)
[
view plain
]
MARC details
000 -LEADER
fixed length control field
01519cam a2200325 i 4500
003 - CONTROL NUMBER IDENTIFIER
control field
SA-RiAUC
005 - DATE AND TIME OF LATEST TRANSACTION
control field
20260111121016.0
008 - FIXED-LENGTH DATA ELEMENTS--GENERAL INFORMATION
fixed length control field
260108s1993 su k g b f000 0 ara c
020 ## - INTERNATIONAL STANDARD BOOK NUMBER
International Standard Book Number
9960000044
040 ## - CATALOGING SOURCE
Original cataloging agency
SA-JeALM
Language of cataloging
ara
Transcribing agency
SA-RiAUC
Description conventions
rda
041 1# - LANGUAGE CODE
Language code of text/sound track or separate title
ara
Language code of original
eng
050 #4 - LIBRARY OF CONGRESS CALL NUMBER
Item number
.R69 1993
082 04 - DEWEY DECIMAL CLASSIFICATION NUMBER
Classification number
005.7
Assigning agency
SA-RiAUC
090 ## - LOCALLY ASSIGNED LC-TYPE CALL NUMBER (OCLC); LOCAL CALL NUMBER (RLIN)
Classification number (OCLC) (R) ; Classification number, CALL (RLIN) (NR)
005.7
Local cutter number (OCLC) ; Book number/undivided call number, CALL (RLIN)
ر و ل
100 1# - MAIN ENTRY--PERSONAL NAME
Personal name
رولي، جنيفر،
Dates associated with a name
1950-
Relator term
مؤلف.
240 10 - UNIFORM TITLE
Uniform title
Basics of information technology.
Language of a work
Arabic
245 10 - TITLE STATEMENT
Title
أسس تقنية المعلومات /
Statement of responsibility, etc.
تأليف جنيفر رولي ؛ ترجمة وتعليق عبد الرحمن بن حمد سليمان العكرش ؛ تقديم عباس صالح طاشكندي.
264 #1 - PRODUCTION, PUBLICATION, DISTRIBUTION, MANUFACTURE, AND COPYRIGHT NOTICE
Place of production, publication, distribution, manufacture
الرياض :
Name of producer, publisher, distributor, manufacturer
مكتبة الملك فهد الوطنية،
Date of production, publication, distribution, manufacture, or copyright notice
1993
300 ## - PHYSICAL DESCRIPTION
Extent
212 صفحة :
Other physical details
أشكال ؛
Dimensions
24 سم.
336 ## - CONTENT TYPE
Content type term
نص
Content type code
txt
Source
rdacontent
Materials specified
كتاب
337 ## - MEDIA TYPE
Media type term
بدون وسيط
Media type code
n
Source
rdamedia
490 0# - SERIES STATEMENT
Series statement
مطبوعات مكتبة الملك فهد الوطنية ؛
Volume/sequential designation
السلسلة الثانية ؛
--
14
504 ## - BIBLIOGRAPHY, ETC. NOTE
Bibliography, etc. note
ببليوجرافية : صفحة 210-212.
650 #7 - SUBJECT ADDED ENTRY--TOPICAL TERM
Topical term or geographic name entry element
تقنية المعلومات
Source of heading or term
aucsh
700 1# - ADDED ENTRY--PERSONAL NAME
Personal name
العكرش، عبد الرحمن بن حمد سليمان،
Dates associated with a name
1364 هجري-
Relator term
مترجم.
700 1# - ADDED ENTRY--PERSONAL NAME
Personal name
طاشكندي، عباس صالح،
Dates associated with a name
1365 هجري-
Relator term
مقدم.
700 12 - ADDED ENTRY--PERSONAL NAME
Relationship information
ترجمة لـ :
Personal name
رولي، جنيفر،
Dates associated with a name
1950-.
Title of a work
Basics of information technology.
942 ## - ADDED ENTRY ELEMENTS (KOHA)
Source of classification or shelving scheme
Dewey Decimal Classification
Koha item type
Books
Suppress in OPAC
No
949 ## - LOCAL PROCESSING INFORMATION (OCLC)
a
SA-JeALM
d
260108
u
osman123
n
1
Holdings
Withdrawn status
Lost status
Source of classification or shelving scheme
Damaged status
Not for loan
Home library
Current library
Date acquired
Total checkouts
Full call number
Barcode
Date last seen
Price effective from
Koha item type
Dewey Decimal Classification
DR AbdElwahab Library
DR AbdElwahab Library
01/11/2026
005.7 ر و ل
000022354
01/11/2026
01/11/2026
Books
Place hold
Print
Add to your cart
(remove)
Save record
BIBTEX
Dublin Core
MARCXML
MARC (non-Unicode/MARC-8)
MARC (Unicode/UTF-8)
MARC (Unicode/UTF-8, Standard)
MODS (XML)
RIS
ISBD
More searches
Search for this title in:
Other Libraries (WorldCat)
Other Databases (Google Scholar)
Online Stores (Bookfinder.com)
Open Library (openlibrary.org)
Exporting to Dublin Core...
×
Simple DC-RDF
OAI-DC
SRW-DC